QUEST Central Library Banner

Portland Cements: Production, Properties, and Applications (Record no. 10965)

MARC details
000 -LEADER
fixed length control field 00300nam a2200109 4500
082 ## - DEWEY DECIMAL CLASSIFICATION NUMBER
Classification number 624.1833ABD
100 ## - MAIN ENTRY--AUTHOR NAME
Personal name Abdul Majid
245 ## - TITLE STATEMENT
Title Portland Cements: Production, Properties, and Applications
260 ## - PUBLICATION, DISTRIBUTION, ETC. (IMPRINT)
Place of publication Lahore:
Name of publisher Institute of Professional Advancement,
Year of publication 1998.
300 ## - PHYSICAL DESCRIPTION
Number of Pages 302p. ;
942 ## - ADDED ENTRY ELEMENTS (KOHA)
Koha item type Books
Holdings
Withdrawn status Lost status Home library Current library Date acquired Cost, normal purchase price Full call number Accession Number Koha item type Collection code
    Central Library, QUEST, Nawabshah Central Library, QUEST, Nawabshah 14/10/2014 700.00 624.1833ABD 28021 Books  
    Central Library, QUEST, Nawabshah Central Library, QUEST, Nawabshah 14/10/2014 700.00 624.1833ABD 28022 Books  
    Central Library, QUEST, Nawabshah Central Library, QUEST, Nawabshah 14/10/2014 700.00 624.1833ABD 28023 Books  
    Reference Section Reference Section 14/10/2014 700.00 624.1833ABD (Shelf - 72B) 28020 Books Reference
    Seminar Library, Civil Engg. Seminar Library, Civil Engg. 14/10/2014 700.00 624.1833ABD 28019 Books  

Copyright © 2018,The QUEST, Nawabshah, Shaheed Benazirabad. All rights reserved
Mr. G. Farooq Channar (Librarian) QUEST, Nawabshah, Sindh, Pakistan 67480.
 Ph#: |   0244-9370381-4 Ext. 2308   Email| lib@quest.edu.pk   Web|  http://www.quest.edu.pk